Cities Barack Obama visited as President - Statistics

General Stats
  • This quiz has been taken 18 times
  • The average score is 37 of 110
Answer Stats
Country City % Correct
the Netherlands Amsterdam
86%
Greece Athens
86%
Turkey Ankara
79%
Germany Berlin
79%
Portugal Lisbon
79%
United Kingdom London
79%
France Paris
79%
Peru Lima
71%
Canada Ottawa
71%
Iraq Baghdad
64%
China Beijing
64%
Belgium Brussels
64%
Denmark Copenhagen
64%
Turkey Istanbul
64%
Spain Madrid
64%
Mexico Mexico City
64%
Russia Moscow
64%
Japan Tokyo
64%
Argentina Buenos Aires
57%
Ireland Dublin
57%
Afghanistan Kabul
57%
Italy Rome
57%
Singapore Singapore
57%
Ghana Accra
50%
Ethiopia Addis Ababa
50%
Thailand Bangkok
50%
United Kingdom Belfast
50%
Australia Canberra
50%
South Africa Cape Town
50%
Israel Jerusalem
50%
Kenya Nairobi
50%
India New Delhi
50%
Norway Oslo
50%
South Korea Seoul
50%
Israel Tel Aviv
50%
Vatican City Vatican City
50%
Egypt Cairo
43%
Indonesia Jakarta
43%
South Africa Johannesburg
43%
Jamaica Kingston
43%
the Philippines Manila
43%
India Mumbai
43%
Panama Panama City
43%
Chile Santiago
43%
Sweden Stockholm
43%
Poland Warsaw
43%
Turkey Antalya
36%
Brazil Brasilia
36%
Germany Hannover
36%
Cuba Havana
36%
Japan Hiroshima
36%
Malaysia Kuala Lumpur
36%
Czech Republic Prague
36%
Brazil Rio de Janeiro
36%
Costa Rica San Jose
36%
China Shanghai
36%
Australia Brisbane
29%
France Cannes
29%
Germany Dresden
29%
Vietnam Hanoi
29%
South Africa Pretoria
29%
Saudi Arabia Riyadh
29%
Russia Saint Petersburg
29%
El Salvador San Salvador
29%
Estonia Tallinn
29%
Indonesia Bali
21%
Senegal Dakar
21%
Tanzania Dar es Salaam
21%
Australia Darwin
21%
Mexico Guadalajara
21%
China Hangzhou
21%
Vietnam Ho Chi Minh City
21%
Myanmar Naypyidaw
21%
Cambodia Phnom Penh
21%
Trinidad and Tobago Port of Spain
21%
Myanmar Yangon
21%
Japan Yokohama
21%
France Caen
14%
Colombia Cartagena
14%
Jordan Petra
14%
France Strasbourg
14%
the Netherlands The Hague
14%
Afghanistan Bagram
7%
Mexico Cabo San Lucas
7%
Ghana Cape Coast
7%
Ireland Moneygall
7%
Spain Rota
7%
Japan Shima
7%
South Africa Soweto
7%
Mexico Toluca
7%
United Kingdom Windsor
7%
Germany Baden Baden
0%
Argentina Bariloche
0%
France Benouville
0%
France Deauville
0%
United Kingdom Enniskillen
0%
Canada Gatineau
0%
Canada Huntsville
0%
Japan Kamakura
0%
Germany Kehl
0%
Germany Landstuhl
0%
United Kingdom Newport
0%
South Korea Osan
0%
France Ouistreham
0%
the Philippines Pasay
0%
Germany Schloss Elmau
0%
the Philippines Taguig
0%
Belgium Waregem
0%
United Kingdom Watford
0%
Germany Weimar
0%
No matching quizzes found
Score Distribution
Percent of People with Each Score
Percentile by Number Answered
Your Score History
You have not taken this quiz